=LDR 00000nam 2200000 4500 =001 INLIS000000000036478 =005 20130612142248 =008 ***********************************Ind** =035 ##$$0010-061300000036478 =041 ##$$a Ind =082 ##$$a 398.910 2 =090 ##$$a 398.910 2, Dia d =100 ##$$a Dianawati, Ajen =245 ##$$a 2700 peribahasa Indonesia, plus pantun untuk SD, SMP, SMA dan umum, Ajen Dianawati =260 ##$$a 2010 $b Jakarta =300 ##$$a iv, 278 hlm, 18 cm =650 ##$$a Bahasa Indonesia-pepatah =850 ##$$a NBPNMAT =990 ##$$a 0001/BPAP-NTB/20142014 =990 ##$$a 0001/BPAP-NTB/20142014 =990 ##$$a 0001/BPAP-NTB/2015 =990 ##$$a 12251225 =990 ##$$a 21100460 =990 ##$$a 0001/BPAP-NTB/20142014 =990 ##$$a 0001/BPAP-NTB/20142014 =990 ##$$a 0001/BPAP-NTB/2015